Authors/Compilers of the Psalms - Bible - Statistics

General Stats
  • This quiz has been taken 412 times
    406 since last reset
  • The average score is 3 of 6
Answer Stats
Hint Answer % Correct
1 David
98%
4 Solomon
83%
6 Moses (Psalm 90)
52%
3 Asaph
29%
2 sons of Korah
26%
5 Ethan the Ezrahite (Psalm 89)
10%
No matching quizzes found
Score Distribution
Percent of People with Each Score
Percentile by Number Answered
Your Score History
You have not taken this quiz since the last reset